| 000 | 01062nam a2200265 4500 | ||
|---|---|---|---|
| 005 | 20240530110355.0 | ||
| 008 | 150106s2007 ua d g |||| 000 0 ara d | ||
| 017 |
_a2475 _bمصر . دار الكتب المصرية |
||
| 020 | _a977383073x | ||
| 040 | _aEG-CaGPL | ||
| 041 | 0 | _aara | |
| 082 | 0 | 4 |
_221 _a157.9\ _bن أ |
| 100 | 0 | _aنشوة عبدالتواب حسين | |
| 245 | 1 | 2 |
_aالاسس النفسية العصبية للوظائف التنفيذية : _bتطبيقات على بعض الاضطرابات عند كبار السن / _cنشوة عبدالتواب حسين |
| 250 | _aط1 | ||
| 260 |
_aالقاهرة : _bايتراك للنشر والتوزيع ، _c2007 |
||
| 300 |
_a243 ص ؛ _c24 سم |
||
| 490 | 0 | _aسلسلة علم النفس الاكلينيكى المعاصر | |
| 504 | _aببليوجرافية : ص 224 - 236 | ||
| 650 | 0 | 4 | _aالوظائف التنفيذية |
| 650 | 0 | 4 |
_aالمسنون _xوظائف |
| 650 | 0 | 4 |
_aالبلاهة _xالمسنون |
| 942 |
_2ddc _cBK |
||
| 999 |
_c60150 _d60150 |
||